000 00833nam a22002177a 4500
005 2012090307137.0
008 120903t xxu||||| |||| 00| 0 eng d
010 _aENG-105748
020 _a9789381867143
_c250.00
035 _aEN-89281
037 _bDBAD/PUB
040 _aDPL
_bEng
082 _a796.33
245 _aHow to play football /
_cedited and compiled by O.P. Aneja
260 _aNew Delhi
_bPrerna Prakashan
_c2012
270 _aC-13, Plot No. D-5, Rose Apartment, Sector-14 Extension, Rohini
_bNew Delhi
_e110085
_mlakshaythani@hotmail.com
300 _a92p. :
_bill.
_c22cm(Hb)
700 _aAneja, O.P.
_951934
942 _2ddc
_cEN
_h796.33
_mHOW
999 _c69616
_d69616